| 000 | 00840nam a22002777a 4500 | ||
|---|---|---|---|
| 001 | 26920 | ||
| 003 | UA-OsUOA | ||
| 005 | 20201015160711.0 | ||
| 007 | ta | ||
| 008 | 20040611b un ||||| |||| 00| 0 ukr d | ||
| 020 | _a5-7763-9771-5 | ||
| 040 |
_aUA-OsUOA _bukr _cUA-OsUOA _dUA-OsUOA |
||
| 041 | _aukr | ||
| 044 | _aUA | ||
| 080 | _a658(075.8) | ||
| 090 |
_a658(075.8) _bП11 |
||
| 100 | _aПідопригора А. О. | ||
| 245 |
_aОснови підприємницької діяльності _bнавчальний посібник _cА. О. Підопригора, І. Л. Петрова, В. А. Фере ; ред. Д. О. Тхоржевський |
||
| 260 |
_aКиїв _c1995 |
||
| 300 | _a244 с. | ||
| 650 | 7 | _2UDC | |
| 700 | _aПетрова І.Л. | ||
| 700 | _aФере В.А. | ||
| 942 |
_cBK _2udc |
||
| 955 | _a0 | ||
| 999 |
_c313257 _d313257 |
||